|
|
|
|
| LEADER |
01093nam a2200325 4500 |
| 001 |
DLU090098449 |
| 005 |
##20091201 |
| 040 |
# |
# |
|a DLU
|b eng
|
| 041 |
# |
# |
|a eng
|
| 044 |
# |
# |
|a us
|
| 245 |
# |
# |
|a Can the combination of electrochemical regeneration of NAD+, selectivity of L-alpha-amino-acid dehydrogenase, and reductive amination of alpha-keto-acid be applied to the inversion of configuration of a L-alpha-amino-acid ? /
|c Agnes Anne, ... [et al.].
|
| 653 |
# |
# |
|a Amino acids
|
| 653 |
# |
# |
|a Configuration
|
| 653 |
# |
# |
|a Electrochemical
|
| 653 |
# |
# |
|a NAD
|
| 653 |
# |
# |
|a Regeneration
|
| 700 |
# |
# |
|a Anne, Agnes.
|
| 700 |
# |
# |
|a Bourdillon, Christian.
|
| 700 |
# |
# |
|a Daninos, Sandra.
|
| 700 |
# |
# |
|a Moiroux, Jacques.
|
| 773 |
# |
# |
|t Biotechnology and Bioengineering
|g Vol. 64, no. 1 (July 1999), p. 101-107
|
| 920 |
# |
# |
|a Phòng Tạp chí -- Trung tâm Thông tin - Thư viện Trường Đại học Đà Lạt
|
| 994 |
# |
# |
|a DLU
|
| 900 |
# |
# |
|a True
|
| 911 |
# |
# |
|a Trương Bảo Trâm Anh
|
| 925 |
# |
# |
|a G
|
| 926 |
# |
# |
|a A
|
| 927 |
# |
# |
|a BB
|
| 980 |
# |
# |
|a Thư viện Trường Đại học Đà Lạt
|